Get the Picture: Big 4 Bear Teams Quiz Stats

 Plays Quiz Updated Jul 2, 2019

Score 0/16 Timer 03:00
0 Plays Today
Question Answer Wrong Answers
Big 4 Sport
Baseball
Chicago Cubs
90.3%
Boston Bruins
2.1%
Chicago Bears
3%
Memphis Grizzlies
1.1%
Home Venue
Wrigley Field
Chicago Cubs
89.6%
Boston Bruins
2.6%
Chicago Bears
2.9%
Memphis Grizzlies
1.3%
Big 4 Sport
Football
Chicago Bears
88.7%
Boston Bruins
3.9%
Chicago Cubs
1.4%
Memphis Grizzlies
2%
Big 4 Sport
Basketball
Memphis Grizzlies
88%
Boston Bruins
4.6%
Chicago Bears
2.7%
Chicago Cubs
1.1%
Players Include
Walter Payton, Brian Urlacher, Mike Singletary
Chicago Bears
86%
Boston Bruins
5%
Chicago Cubs
2.8%
Memphis Grizzlies
2.6%
Big 4 Sport
Hockey
Boston Bruins
85.6%
Chicago Bears
1.9%
Chicago Cubs
2.1%
Memphis Grizzlies
7.1%
Players Include
Patrice Bergeron, Bobby Orr, Phil Esposito
Boston Bruins
84.5%
Chicago Bears
3.7%
Chicago Cubs
3.6%
Memphis Grizzlies
4.5%
Home Venue
Soldier Field
Chicago Bears
84.5%
Boston Bruins
4.3%
Chicago Cubs
4.5%
Memphis Grizzlies
2.6%
Founded
1995
Memphis Grizzlies
84.2%
Boston Bruins
6.2%
Chicago Bears
3.1%
Chicago Cubs
2.2%
Players Include
Billy Williams, Ron Santo, Ernie Banks
Chicago Cubs
81%
Boston Bruins
5.6%
Chicago Bears
6.1%
Memphis Grizzlies
3.7%
Players Include
Marc Gasol, Shane Battier, Zach Randolph
Memphis Grizzlies
78.5%
Boston Bruins
9.4%
Chicago Bears
4.9%
Chicago Cubs
3.3%
Founded
1876
Chicago Cubs
75.4%
Boston Bruins
9.6%
Chicago Bears
9.2%
Memphis Grizzlies
1.6%
Home Venue
TD Garden
Boston Bruins
74.4%
Chicago Bears
5.2%
Chicago Cubs
3.3%
Memphis Grizzlies
13.3%
Home Venue
FedExForum
Memphis Grizzlies
72.2%
Boston Bruins
13.6%
Chicago Bears
6.8%
Chicago Cubs
3.7%
Founded
1920
Chicago Bears
68.2%
Boston Bruins
16.3%
Chicago Cubs
9.3%
Memphis Grizzlies
2.3%
Founded
1924
Boston Bruins
55.3%
Chicago Bears
28.5%
Chicago Cubs
9.4%
Memphis Grizzlies
3.2%

Today's Daily Dose

You're not logged in!

Compare scores with friends on all Sporcle quizzes.
OR
Log In

Sporcle TV

Today on Sporcle TV


Watch our educational content, quiz creation guides, and fun videos on Sporcle TV.

Show Comments

Extras

Top Quizzes Today


Score Distribution

Your Account Isn't Verified!

In order to create a playlist on Sporcle, you need to verify the email address you used during registration. Go to your Sporcle Settings to finish the process.

Report this User

Report this user for behavior that violates our Community Guidelines.

Details: